| 000 | 00510nam a2200193 a 4500 | ||
|---|---|---|---|
| 001 | 1764569516584 | ||
| 003 | ACL | ||
| 005 | 20251201115637.0 | ||
| 008 | 251201s2005##################000#0#eng## | ||
| 020 | _a9780750662215 | ||
| 082 | 0 | 4 |
_a624.17 _bMEG |
| 100 | 1 |
_aMegson, Thomas Henry Gordon, _eauthor. |
|
| 245 | 1 | 0 | _aStructural and Stress Analysis : |
| 260 |
_bButterworth-Heinemann, _c2005. |
||
| 300 | _a724 pages | ||
| 650 | 0 | _aTechnology & Engineering. | |
| 942 | _cENGLISH | ||
| 040 |
_aACL _beng _cACL |
||
| 999 |
_c599591 _d599591 |
||